Brands that are "The" Something - Statistics

General Stats
  • This quiz has been taken 34,030 times
    25,697 since last reset
  • The average score is 11 of 22
Answer Stats
Slogan Brand % Correct
The home of the Whopper Burger King
95%
The king of beers Budweiser
82%
The happiest place on Earth Disneyland
61%
The best part of waking up Folgers
58%
The world's online market place eBay
57%
The taste of a new generation Pepsi
57%
The quicker picker-upper Bounty
54%
The other white meat Pork
54%
The few, the proud … U.S. Marines
53%
The breakfast of champions Wheaties
53%
The best a man can get Gillette
50%
The night-time sniffling, sneezing... Nyquil
48%
The ultimate driving machine BMW
43%
The banquet beer Coors
42%
The champagne of beers Miller High Life
41%
The San Francisco treat Rice-a-Roni
41%
The document company Xerox
37%
The uncola 7-Up
36%
The freshmaker Mentos
32%
The pause that refreshes Coca-Cola
31%
The world on time Fedex
19%
The toughest job you'll ever love Peace Corps
8%
No matching quizzes found
Score Distribution
Percent of People with Each Score
Percentile by Number Answered
Your Score History
You have not taken this quiz since the last reset